Minecraft Mobs 1.17 - Statistics

General Stats
  • This quiz has been taken 155 times
  • The average score is 53 of 89
Answer Stats
Answer % Correct
Zombie
93%
Pig
91%
Skeleton
91%
Cow
90%
Ender Dragon
88%
Chicken
87%
Sheep
87%
Enderman
85%
Piglin
85%
Villager
84%
Spider
83%
Wither
83%
Cat
82%
Creeper
81%
Wither Skeleton
80%
Blaze
79%
Horse
79%
Pillager
79%
Ghast
78%
Ocelot
78%
Cod
76%
Salmon
76%
Endermite
75%
Wolf
74%
Cave Spider
72%
Iron Golem
72%
Parrot
71%
Shulker
71%
Tropical Fish
71%
Axolotl
70%
Hoglin
70%
Squid
69%
Bat
68%
Donkey
68%
Guardian
68%
Magma Cube
68%
Panda
68%
Vindicator
68%
Witch
68%
Mule
67%
Elder Guardian
66%
Husk
66%
Drowned
65%
Drowned
65%
Glow Squid
64%
Silverfish
64%
Slime
64%
Vex
64%
Bee
63%
Dolphin
63%
Evoker
63%
Pufferfish
63%
Rabbit
63%
Snow Golem
63%
Stray
62%
Strider
61%
Goat
60%
Phantom
58%
Fox
57%
Ravager
57%
Llama
56%
Polar Bear
56%
Zombie Villager
56%
Zombified Piglin
56%
Mooshroom
54%
Skeleton Horse
53%
Zoglin
53%
Piglin Brute
51%
Wandering Trader
51%
Turtle
50%
Spider Jockey
48%
Zombie Horse
47%
Warden
46%
Chicken Jockey
42%
Dog
42%
Giant
31%
Giant
31%
Charged Creeper
25%
Illusioner
25%
Steve
21%
Trader Llama
21%
Killer Bunny
12%
Brown Mooshroom
11%
Snow Fox
9%
Brown Panda
8%
NPC
7%
Ravager Jockey
7%
Strider Jockey
5%
Skeleton Cavalry
1%
No matching quizzes found
Score Distribution
Percent of People with Each Score
Percentile by Number Answered
Your Score History
You have not taken this quiz